000 02885cam a2200517 i 4500
999 _c5337
_d5337
001 ocn963438658
003 OCoLC
005 20200115163136.0
008 161117s2017 nyua b 001 0 eng
010 _a 2016025035
020 _a9781138689954
_q(hardback)
020 _a1138689955
_q(hardback)
020 _a9780323296090
_q(pbk.)
020 _a0323296092
_q(pbk.)
020 _z9780323296502
_q(ebk)
020 _z9781315397863
_q(ebook)
020 _z1315397862
_q(master)
020 _z9781315397856
_q(web pdf)
020 _z1315397854
_q(web pdf)
029 1 _aCHVBK
_b435342355
029 1 _aCHBIS
_b010804998
029 1 _aAU@
_b000058974048
035 _a(OCoLC)963438658
_z(OCoLC)971059552
040 _aDLC
_beng
_erda
_cDLC
_dBDX
_dOCLCF
_dYDX
_dOCLCQ
_dCHVBK
_dOCLCO
_dOCLCA
042 _apcc
049 _aTZAA
050 0 0 _aHV675
_b.R67 2017
082 0 0 _a364.068/4
_223
100 1 _aRose, Jeffrey A.,
_eauthor.
245 1 0 _aManaging public safety technology :
_bdeploying systems in police, courts, corrections, and fire organizations /
_cJeffrey A. Rose, Donald C. Lacher.
300 _axv, 358 pages :
_billustrations ;
_c25 cm
504 _aIncludes bibliographical references and index.
505 0 _aPreface -- Acknowledgements -- About the authors -- Forward -- Unit one: overview of public safety organizations -- Public safety technology -- Law enforcement -- The court system -- Corrections -- Fire services -- Unit two: current practices in public safety organizations -- Social media and public safety : what is your role? -- Body-worn camera technology -- Biometrics and public safety -- Use of force technology -- Predictive policing -- Aviation technology -- Unit three: managing public safety technology -- So you want to manage technology? -- The budget process and learning how to fund your project -- Developing the technology project -- Do you really need this technology? -- Creating a project plan -- How to acquire technology -- Installation, maintenance & closure of your project : the final steps -- Unit four: emerging trends in public safety technology -- The future of public safety technology -- Case studies of public safety technology -- Appendices -- Appendix one social media terminology -- Appendix two information technology glossary -- Appendix three technology grant -- Appendix four sample request for proposal --
650 0 _aPublic safety.
650 0 _aEmergency communication systems.
650 0 _aInformation technology
_xManagement.
650 7 _aEmergency communication systems.
_2fast
650 7 _aInformation technology
_xManagement.
_2fast
650 7 _aPublic safety.
_2fast
650 7 _aInnere Sicherheit
_2gnd
650 7 _aSicherheit und Ordnung
_2gnd
650 7 _aTechnik
_2gnd
650 7 _aSicherheitswissenschaft
_2gnd
700 1 _aLacher, Donald C.,
_eauthor.
942 _2lcc
_cBOOK